Prosa warisan / (Record no. 3963)

000 -LEADER
fixed length control field nam a22 a 4500
003 - CONTROL NUMBER IDENTIFIER
control field AKMAL
005 - DATE AND TIME OF LATEST TRANSACTION
control field 20170524130318.0
008 - FIXED-LENGTH DATA ELEMENTS--GENERAL INFORMATION
fixed length control field 170524s1996 my bi 001 may d
020 ## - INTERNATIONAL STANDARD BOOK NUMBER
International Standard Book Number 983625045X (kkt.) :
Terms of availability RM 15.00
040 ## - CATALOGING SOURCE
Original cataloging agency AKMAL
082 04 - DEWEY DECIMAL CLASSIFICATION NUMBER
Classification number 899.23809 ARI
Edition number 21
090 00 - LOCALLY ASSIGNED LC-TYPE CALL NUMBER (OCLC); LOCAL CALL NUMBER (RLIN)
Classification number (OCLC) (R) ; Classification number, CALL (RLIN) (NR) 899.23809
Local cutter number (OCLC) ; Book number/undivided call number, CALL (RLIN) ARI
100 0# - MAIN ENTRY--PERSONAL NAME
Personal name Aripin Said,
Dates associated with a name 1948-
9 (RLIN) 7470
245 10 - TITLE STATEMENT
Title Prosa warisan /
Statement of responsibility, etc. Aripin Said
260 00 - PUBLICATION, DISTRIBUTION, ETC.
Place of publication, distribution, etc. Kuala Lumpur :
Name of publisher, distributor, etc. Dewan Bahasa dan Pustaka ,
Date of publication, distribution, etc. 1996
300 00 - PHYSICAL DESCRIPTION
Extent vi, 158ms. ;
Dimensions 22cm.
500 ## - GENERAL NOTE
General note Mengandungi indeks
504 ## - BIBLIOGRAPHY, ETC. NOTE
Bibliography, etc. note Bibliografi: ms. 149-154
650 ## - SUBJECT ADDED ENTRY--TOPICAL TERM
Topical term or geographic name entry element Prosa literature
General subdivision History and criticism
9 (RLIN) 7782
650 ## - SUBJECT ADDED ENTRY--TOPICAL TERM
Topical term or geographic name entry element Malay literature
General subdivision History and criticism
9 (RLIN) 5709
942 ## - ADDED ENTRY ELEMENTS (KOHA)
Source of classification or shelving scheme
Koha item type Book
Holdings
Withdrawn status Lost status Source of classification or shelving scheme Damaged status Not for loan Collection code Home library Current library Shelving location Date acquired Inventory number Total Checkouts Full call number Barcode Date last seen Price effective from Koha item type
          FICTION AKMAL Melaka AKMAL Melaka PINJAMAN 24.05.2017 800517   899.23809 ARI 201705156 24.05.2017 24.05.2017 Book
Pusat Sumber Maklumat Dato' Haji Sarmin Md Hussin, Akademi Kastam Diraja Malaysia, Melaka
Tel: 06-2331106 | Faks: 06-2313787